000 00896nam a2200253Ia 4500
003 OSt
005 20220923213139.0
006 a|||||r|||| 00| 0
007 ta
008 220922b |||||||| |||| 00| 0 hin d
024 _a159,246
037 _cTextual
040 _aARTS
_cARTS
_bhin
041 _2hin
_ahin
082 _aO152,1(Delta25):g, K3
100 _aकान्ति, मिथिलेश
_9156271
245 0 _aहिन्दी भक्ति श्रृंगार का स्वरूप
246 _aHindī bhakti shrṛuangār kā svarūpa
260 _aकानपुर
_b चैतन्य प्रकाशन
_c1963
300 _a223 पृ.
_ccm.
650 _aहिन्दी साहित्य
_9156264
942 _hO152,1(Delta25):g, K3
_cTEXL
_2CC
999 _c313993
_d313993